[Event "XXX Nezhmetdinov Mem"]
[Site "Kazan RUS"]
[Date "2008.06.02"]
[Round "2"]
[White "Azarov,S"]
[Black "Sharafiev,A"]
[Result "1-0"]
[WhiteElo "2585"]
[BlackElo "2398"]

1.e4 c5 2.Nf3 e6 3.d4 cxd4 4.Nxd4 Nc6 5.Nc3 Qc7 6.Be2 a6 7.O-O Nf6 8.Be3 Bb4
9.Na4 O-O 10.Nxc6 bxc6 11.Nb6 Rb8 12.Nxc8 Rfxc8 13.Bxa6 Rd8 14.Bd3 Bd6 15.g3 Be5
16.a4 c5 17.a5 Bxb2 18.Ra4 d5 19.exd5 exd5 20.a6 Qc6 21.Ra5 c4 22.a7 Ra8
23.Be2 d4 24.Bg5 Qb6 25.Ra2 d3 26.cxd3 Bd4 27.Qc2 cxd3 28.Bxd3 h6 29.Ra6 Qxa6
30.Bxa6 hxg5 31.Rd1 Rxa7 32.Bc4 g4 33.Kg2 Rad7 34.Bb5 Rd5 35.Qc6 Rf8 36.Bc4 Rdd8
37.Bxf7+ Kxf7 38.Qc4+ Kg6 39.Rxd4 Rxd4 40.Qxd4 Rh8 41.Qd3+ Kf7 42.f3 gxf3+
43.Qxf3 Rh6 44.g4 Rg6 45.h3 Rg5 46.Qb3+ Kg6 47.Qb1+ Kh6 48.Qc1 Kg6 49.Qc2+ Kf7
50.Kf3 Rd5 51.Qc4 g5 52.h4 Kg7 53.h5 Rd8 54.Qc7+ Rd7  1-0

[Event "GMB"]
[Site "Sarajevo BIH"]
[Date "2008.06.02"]
[Round "9"]
[White "Erdogdu,M"]
[Black "Runic,Z"]
[Result "1/2-1/2"]
[WhiteElo "2434"]
[BlackElo "2452"]

1.e4 c5 2.Nf3 Nc6 3.d4 cxd4 4.Nxd4 e6 5.Nc3 a6 6.Nxc6 bxc6 7.Bd3 d5 8.O-O Nf6
9.Re1 Be7 10.Bf4 O-O 11.Qf3 Kh8 12.e5 Nd7 13.Qh3 g6 14.Na4 Bg5 15.Bg3 Rb8
16.b3 Qa5 17.Qg4 Be7 18.h4 Qb4 19.c4 h5 20.Qf4 Kg7 21.Rac1 Qa5 22.Re2 Ba3
23.Rd1 Qd8 24.Nc3 Be7 25.Rc2 Rb4 26.Ne2 Bb7 27.Nd4 c5 28.Nf3 Nb6 29.Be2 a5
30.Qc1 a4 31.Bf4 Rh8 32.Bg5 axb3 33.axb3 Bxg5 34.Nxg5 d4 35.Qf4 Qe7 36.Rd3 Nd7
37.Ra2 Rf8 38.Bxh5 f6 39.exf6+ Rxf6 40.Qc7 e5 41.Bg4 e4 42.Rg3 Rd6 43.Ra7 Bc6
44.Qxc6 Rxc6 45.Rxd7 Rb7 46.Rxe7+ Rxe7 47.Bd1 Ra6 48.Kf1 Kh6 49.Rg4 Ra1 50.Rxe4 Rxe4
51.Nxe4 Rxd1+ 52.Ke2 Rc1 53.Kd2 Ra1 54.Nxc5 Ra2+ 55.Ke1 Kh5 56.Ne6 Kg4 57.Nxd4 Kf4
58.Ne2+ Ke5 59.g3 Rb2 60.Kf1 Ke4 61.c5 Kf3 62.Nd4+ Ke4 63.Nc6 Rxb3 64.Kg2 Rb7
65.Na5 Rb5 66.Nc4 Rxc5 67.Nd2+ Kf5 68.Nf3 Rc3 69.Ng5 Ra3 70.Kh3 Ra2 71.Kg2 Ra3
72.Nh3 Ra2 73.Nf4 Rb2 74.Nd5 Ra2 75.Kf3 Ra3+ 76.Ne3+ Ke5 77.Kg2 Ke4 78.Ng4 Ra2
79.Ne3 Rb2 80.Ng4 Ra2 81.Nf6+ Ke5 82.Nh7 Kf5 83.Ng5 Rb2 84.Kf3 Rb3+  1/2-1/2

[Event "Mitropa Cup m"]
[Site "Olbia ITA"]
[Date "2008.06.03"]
[Round "9"]
[White "Gallagher,Jo"]
[Black "Bosiocic,Mari"]
[Result "0-1"]
[WhiteElo "2480"]
[BlackElo "2503"]

1.e4 c5 2.Nf3 e6 3.d4 cxd4 4.Nxd4 Nc6 5.Nc3 Qc7 6.g3 a6 7.Bg2 d6 8.O-O Bd7
9.Re1 Be7 10.Nxc6 Bxc6 11.Qg4 h5 12.Qe2 Kf8 13.a4 h4 14.a5 hxg3 15.hxg3 Nf6
16.Be3 Re8 17.Bb6 Qc8 18.Red1 e5 19.b4 Bd7 20.Ra3 g6 21.Nd5 Nxd5 22.exd5 Kg7
23.c4 Bh3 24.Bh1 Rh7 25.f3 Reh8 26.Rc3 Bf1 27.Kxf1 Rxh1+ 28.Bg1 Bf6 29.Rc2 Qf5
30.Qd3 Qh5 31.Rg2 Bd8 32.Rc1 b6 33.axb6 Bxb6 34.c5 Ba7 35.Rcc2 dxc5 36.bxc5 Rb8
37.Rh2 Rb1+  0-1

[Event "58th ch-RUS w HL"]
[Site "Chelyabinsk RUS"]
[Date "2008.06.04"]
[Round "1"]
[White "Sokolova,V"]
[Black "Akatova,E"]
[Result "0-1"]
[WhiteElo "2057"]
[BlackElo "2320"]

1.e4 c5 2.Nf3 Nc6 3.d4 cxd4 4.Nxd4 e6 5.Nc3 a6 6.Be2 Qc7 7.O-O Nf6 8.Kh1 Be7
9.f4 d6 10.Be3 O-O 11.Bf3 Rb8 12.Qe1 Nxd4 13.Bxd4 b5 14.e5 Nd7 15.Qg3 dxe5
16.fxe5 Nc5 17.Ne2 Bb7 18.Qg4 Nd7 19.Bxb7 Rxb7 20.Qe4 b4 21.Nf4 Rb5 22.Rae1 Rc8
23.Re2 Qc6 24.Qe3 Bc5 25.Qf2 Bxd4 26.Qxd4 Rc5 27.Rd1 Nf8 28.Nd3 Rc4 29.Qf2 a5
30.Rf1 Rc7 31.Ne1 Ng6 32.Qg3 Re4 33.Qd3 Rxe2 34.Qxe2 Qc4 35.Qxc4 Rxc4 36.b3 Re4
37.Nf3 Nxe5 38.Rd1 g6 39.Nd4 Ng4 40.Kg1 e5 41.Nc6 Re2 42.Rc1 e4 43.Nxa5 Ne3
44.Nc6 Rxg2+ 45.Kh1 Rxc2 46.Re1 Rxc6 47.Rxe3 f5  0-1

[Event "TCh-BIH"]
[Site "Neum BIH"]
[Date "2008.06.04"]
[Round "1"]
[White "Vuckovic,Bo"]
[Black "Ivanisevic,I"]
[Result "1/2-1/2"]
[WhiteElo "2556"]
[BlackElo "2649"]

1.e4 c5 2.Nf3 e6 3.d4 cxd4 4.Nxd4 Nc6 5.Nc3 Qc7 6.Be3 a6 7.Qd2 Nf6 8.O-O-O Bb4
9.f3 Ne5 10.Nb3 b5 11.Kb1 Be7 12.Qf2 d6 13.Bb6 Qb8 14.Bd4 O-O 15.g4 Nfd7
16.Rg1 b4 17.Na4 Bb7 18.Na5 Nc6 19.Nxc6 Bxc6 20.Nb6 Nxb6 21.Bxb6 d5 22.exd5 Bxd5
23.f4 a5 24.Bd3 a4 25.g5 b3 26.Bd4 Qb7 27.Rde1 Rfd8 28.Qh4 bxc2+ 29.Kc1 g6
30.Rg4 Kf8 31.Qxh7 Ke8 32.Qg8+ Kd7 33.Qxf7 a3 34.f5 e5 35.Qg7 axb2+ 36.Bxb2 Rxa2
37.Qxe5 Re8 38.Qc3  1/2-1/2

[Event "115th ch-SCO"]
[Site "Glasgow SCO"]
[Date "2008.06.05"]
[Round "1"]
[White "Coleman,R"]
[Black "Grant,A"]
[Result "1-0"]
[WhiteElo "2018"]
[BlackElo "2212"]

1.e4 c5 2.Nf3 e6 3.d4 cxd4 4.Nxd4 Nc6 5.Nc3 Qc7 6.Be3 a6 7.Bd3 Nf6 8.O-O Ne5
9.Nf3 Nfg4 10.Nxe5 Nxe3 11.Qh5 g6 12.Qf3 Qxe5 13.fxe3 Qg7 14.Qf4 d6 15.e5 Qxe5
16.Qxf7+ Kd8 17.Rf3 Bd7 18.Ne2 Bg7 19.Qf4 Qxf4 20.Rxf4 Bxb2 21.Raf1 Be5 22.Rf7 Rc8
23.Nd4 Ke8 24.Rxh7 Rxh7 25.Bxg6+ Kd8 26.Bxh7 Rc3 27.Bd3 Ke7 28.g4 Rc8 29.Nf3 Bc3
30.Kg2 Bc6 31.Kg3 Bxf3 32.Rxf3 Rf8 33.Rxf8 Kxf8 34.Kh4 Kg7 35.Kh5 Bd2 36.e4 d5
37.exd5 exd5 38.g5 a5 39.h4 b6 40.Kg4 Bc1 41.h5 Be3 42.h6+ Kg8 43.Kh5 Bd2
44.g6 Bc3 45.g7 Kf7 46.Bb5  1-0

[Event "XXX Nezhmetdinov Mem"]
[Site "Kazan RUS"]
[Date "2008.06.05"]
[Round "5"]
[White "Kupreichik,V"]
[Black "Kalegin,E"]
[Result "1/2-1/2"]
[WhiteElo "2414"]
[BlackElo "2510"]

1.e4 c5 2.Nf3 e6 3.d4 cxd4 4.Nxd4 Nc6 5.Nc3 a6 6.Be3 Nf6 7.Bd3 d5 8.exd5 exd5
9.O-O Bd6 10.h3 O-O 11.Qd2 Bc7 12.Nxc6 bxc6 13.Bf4 c5 14.Bxc7 Qxc7 15.Rfe1 Bb7
16.b3 Rfd8 17.Qg5 h6 18.Qe5 Qc6 19.Ne2 Re8 20.Qg3 Re7 21.Nf4 Rae8 22.Rxe7 Rxe7
23.Rd1 Qe8 24.Bf1 Ne4 25.Qd3 d4 26.Re1 Qb8 27.Nh5 Qe5 28.Ng3 f5 29.Qc4+ Kh8
30.Bd3 Qf4 31.Bxe4 fxe4 32.Qxc5 e3 33.Rf1 Rc7 34.Qf5 Qxf5 35.Nxf5 Rxc2 36.Nxd4 Rxa2
37.fxe3 Rxg2+ 38.Kh1 Re2+ 39.Kg1 Rg2+ 40.Kh1 Re2+ 41.Kg1 Rxe3 42.Rf8+ Kh7
43.Rf7 Bc8 44.h4 Re4 45.Nf3 Rb4 46.Rc7 Rxb3 47.Kf2 Bg4 48.Ne5 Bh5 49.Ra7 Rb6
50.Nd7 Rd6 51.Nc5 Rd5 52.Ne6 Rf5+ 53.Kg3 Rf3+ 54.Kg2 Rf7 55.Rxa6  1/2-1/2

[Event "XXX Nezhmetdinov Mem"]
[Site "Kazan RUS"]
[Date "2008.06.06"]
[Round "6"]
[White "Ponkratov,P"]
[Black "Iljin,A"]
[Result "1/2-1/2"]
[WhiteElo "2499"]
[BlackElo "2556"]

1.e4 c5 2.Nf3 e6 3.d4 cxd4 4.Nxd4 Nc6 5.Nc3 Qc7 6.Be2 Nf6 7.Be3 Be7 8.O-O O-O
9.f4 d6 10.Kh1 Nxd4 11.Bxd4 e5 12.Be3 exf4 13.Bxf4 Be6 14.Qd3 Rfd8 15.Rad1 a6
16.Qg3 Ne8 17.Bh6 Kf8 18.Bg4 Qd7 19.Bxe6 Qxe6 20.Bc1 Rac8 21.Qd3 Bf6 22.Nd5 Be5
23.Bg5 f6 24.Be3 Qf7 25.Bb6 Rd7 26.c3 Qh5 27.Bg1 Rf7 28.Rf5 Qh6 29.Ne3 g6
30.Rf3 Qg5 31.Rdf1 Kg7 32.a4 Nc7 33.Nc4 Qg4 34.Nxd6 Bxd6 35.Qxd6 Ne8 36.Qb4 Rc6
37.Bd4 Re6 38.e5 f5 39.Qc4 Nc7 40.Rf4 Qg5 41.Bc5 Rc6 42.b4 Ne6 43.Rd4 Nxc5
44.bxc5 Qe3 45.Rd5 Re7 46.Qd4 Qe4 47.h4 Rce6 48.Rd7 Qxe5 49.Rxe7+ Rxe7 50.Rd1 f4
51.Kg1 Kf6 52.Rf1  1/2-1/2

[Event "TCh-BIH"]
[Site "Neum BIH"]
[Date "2008.06.06"]
[Round "3"]
[White "Balogh,C"]
[Black "Ivanisevic,I"]
[Result "1/2-1/2"]
[WhiteElo "2559"]
[BlackElo "2649"]

1.e4 c5 2.Nf3 e6 3.d4 cxd4 4.Nxd4 Nc6 5.Nc3 Qc7 6.f4 a6 7.Be3 b5 8.Be2 Bb7
9.Bf3 Na5 10.Qd3 Rc8 11.O-O Nc4 12.Bc1 Nf6 13.Kh1 b4 14.Na4 e5 15.Ne2 Be7
16.b3 d5 17.exd5 e4 18.Bxe4 Nxe4 19.Qxe4 Nd6 20.Qxb4 Bxd5 21.Nb6 Bxg2+ 22.Kxg2 Qb7+
23.Kg1 Rxc2 24.Bd2 Nb5 25.Qa5 Rc6 26.f5 Rxb6 27.Ng3 O-O 28.Rae1 Rd6  1/2-1/2

[Event "XXX Nezhmetdinov Mem"]
[Site "Kazan RUS"]
[Date "2008.06.07"]
[Round "7"]
[White "Andreev,Ed UKR"]
[Black "Hojamgulyev,B"]
[Result "1/2-1/2"]
[WhiteElo "2459"]
[BlackElo "2256"]

1.e4 c5 2.Nf3 e6 3.d4 cxd4 4.Nxd4 Nc6 5.Nc3 Qc7 6.Be3 Nf6 7.Bd3 a6 8.O-O Nxd4
9.Bxd4 Bc5 10.Bxc5 Qxc5 11.Qe1 d6 12.Kh1 b5 13.f3 Bb7 14.a4 b4 15.Na2 a5
16.c3 bxc3 17.Bb5+ Bc6 18.Nxc3 O-O 19.Rc1 Bxb5 20.Nxb5 Qe5 21.b3 d5 22.Nc7 Rab8
23.exd5 Qxe1 24.Rfxe1 exd5 25.Nb5 Rfc8 26.Kg1 Nd7 27.Red1 Rc5 28.Kf1 Re8
29.Nd4 Kf8 30.g3 g6 31.Kf2 h5 32.Ne2 Rb8 33.Nd4 Re8 34.Nb5 Rec8 35.Rxc5 Nxc5
36.Rb1 Re8 37.Nd4 Rb8 38.Nb5 Re8 39.Nd4 Rb8 40.Nb5  1/2-1/2

[Event "58th ch-RUS w HL"]
[Site "Chelyabinsk RUS"]
[Date "2008.06.09"]
[Round "6"]
[White "Kochetkova,J"]
[Black "Savina,A"]
[Result "1-0"]
[WhiteElo "2316"]
[BlackElo "2249"]

1.e4 c5 2.Nc3 Nc6 3.Nge2 e6 4.d4 cxd4 5.Nxd4 Nf6 6.Ndb5 d6 7.Bf4 e5 8.Bg5 a6
9.Na3 b5 10.Nd5 Be7 11.Bxf6 Bxf6 12.c4 b4 13.Nc2 a5 14.g3 O-O 15.Bg2 Bg5
16.O-O Ne7 17.Nce3 Ra7 18.Qd3 f5 19.exf5 Nxf5 20.Be4 g6 21.Rad1 Nxe3 22.Nxe3 Bxe3
23.Qxe3 Rc7 24.Rd2 Bf5 25.Rfd1 Bxe4 26.Qxe4 Qf6 27.Qd5+ Qf7 28.b3 a4 29.Qxd6 axb3
30.axb3 e4 31.Qxb4 Qf3 32.Qb6 Re7 33.Re1 Qc3 34.Qe3 Rf3 35.Qxc3 Rxc3 36.Rde2 Rxb3
37.Rxe4 Rxe4 38.Rxe4 Rc3 39.Rf4 g5 40.Rd4 Kf7 41.h4 gxh4 42.Rxh4 Kg6 43.Rd4 Kf6
44.Kg2 Kg6 45.Rd6+ Kg5 46.Rc6 h5 47.Rc8 h4 48.gxh4+ Kxh4 49.c5 Kg5 50.c6 Kf6
51.c7  1-0

[Event "Aerosvit"]
[Site "Foros UKR"]
[Date "2008.06.09"]
[Round "2"]
[White "Karjakin,Sergey"]
[Black "Nisipeanu,LD"]
[Result "1-0"]
[WhiteElo "2732"]
[BlackElo "2684"]

1.e4 c5 2.Nf3 e6 3.d4 cxd4 4.Nxd4 Nc6 5.Nc3 Qc7 6.Be3 a6 7.Qd2 Nf6 8.O-O-O Bb4
9.f3 Ne7 10.Nde2 b5 11.Bf4 e5 12.Bg5 h5 13.Kb1 Ba5 14.Nc1 b4 15.Na4 b3 16.Nc3 bxc2+
17.Qxc2 Rb8 18.Nb3 Bb4 19.Rd3 d6 20.a3 Bxa3 21.bxa3 Be6 22.Na2 Qa5 23.Bc1 Qa4
24.Nb4 O-O 25.Nd4 Qxc2+ 26.Nxc2 a5 27.Rxd6 axb4 28.Nxb4 Nd7 29.Bb2 Ng6 30.g3 Nc5
31.Be2 Na4 32.Rc1 Nxb2 33.Kxb2 Kh7 34.Rc5 h4 35.Bb5 Bh3 36.a4 Bg2 37.Rc3 f5
38.Na6 Rb7 39.Nc5 Ra7 40.Nd7  1-0

[Event "XXX Nezhmetdinov Mem"]
[Site "Kazan RUS"]
[Date "2008.06.09"]
[Round "9"]
[White "Vasiljev,Vasily"]
[Black "Hojamgulyev,B"]
[Result "0-1"]
[WhiteElo "2121"]
[BlackElo "2256"]

1.e4 c5 2.Nf3 e6 3.d4 cxd4 4.Nxd4 Nc6 5.Nc3 Qc7 6.Be3 Nf6 7.Qd2 Bb4 8.f3 d5
9.a3 Bxc3 10.Qxc3 a6 11.Bg5 Qe5 12.Bxf6 Qxf6 13.O-O-O Nxd4 14.Qxd4 Qxd4 15.Rxd4 dxe4
16.fxe4 Ke7 17.Be2 Bd7 18.Kd2 Bc6 19.Ke3 Rhd8 20.Rxd8 Rxd8 21.c4 g6 22.b4 f5
23.exf5 gxf5 24.b5 axb5 25.cxb5 Bxg2 26.Rg1 Be4 27.a4 Ra8 28.Bd1 Kf6 29.Bb3 Rd8
30.Bc4 Rc8 31.Be2 Rc3+ 32.Kd4 Ra3 33.Bd1 b6 34.Rg3 e5+ 35.Kc4 Rxg3 36.hxg3 f4
37.gxf4 exf4 38.Kd4 Bb7 39.Bh5 f3 40.Ke3 Ke5 41.Be8 Kd6 42.Kf2 Kc5 43.Ke3 Bd5
44.Kf2 Bb3 45.a5 bxa5 46.Kxf3 a4  0-1

[Event "TCh-BIH w"]
[Site "Neum BIH"]
[Date "2008.06.10"]
[Round "7"]
[White "Stojanovic,An"]
[Black "Urosevic,M"]
[Result "1/2-1/2"]
[WhiteElo "2346"]
[BlackElo "2114"]

1.e4 c5 2.Nf3 e6 3.d4 cxd4 4.Nxd4 Nc6 5.Nc3 Qc7 6.Be2 a6 7.Be3 Nf6 8.a3 b5
9.Nxc6 dxc6 10.O-O Be7 11.f4 O-O 12.e5 Nd5 13.Nxd5 cxd5 14.c3 Bd7 15.Bd3 g6
16.Bd4 f6 17.exf6 Bxf6 18.Bc2 Bxd4+ 19.Qxd4 Qa7 20.Rad1 Qxd4+ 21.Rxd4 Rf6
22.g3 Raf8 23.h4 Bc6 24.Re1 Kf7 25.Re5 Ke7 26.Kf2 Kd6 27.Ke3 Rb8 28.Rd2 a5
29.Bb3 Rf5 30.Kd4 Rbf8 31.Rf2 Rb8 32.Bc2 Rf6 33.Bb3 Rbf8 34.Rfe2 Bd7 35.R5e3 Bc6
36.Re1 Bd7 37.Ra1 Rb8 38.Rae1 Rbf8 39.Ra1 Rb8  1/2-1/2

[Event "III GM"]
[Site "Mysliborz POL"]
[Date "2008.06.11"]
[Round "3"]
[White "Zeberski,J"]
[Black "Brener,I"]
[Result "1/2-1/2"]
[WhiteElo "2398"]
[BlackElo "2423"]

1.e4 c5 2.Nf3 e6 3.d4 cxd4 4.Nxd4 Nc6 5.Nc3 Qc7 6.Be3 a6 7.Qd2 Nf6 8.O-O-O Bb4
9.f3 Ne5 10.Nb3 b5 11.Qe1 Be7 12.f4 Ng6 13.e5 Ng4 14.Ne4 O-O 15.Bc5 Bb7 16.Bd6 Bxd6
17.Nxd6 Bd5 18.Rxd5 exd5 19.g3 f6 20.Bg2 fxe5 21.Bxd5+ Kh8 22.Bxa8 Qxd6 23.Bf3 Nf6
24.fxe5 Nxe5 25.Qe2 Nc4 26.Rd1 Qc7 27.Re1 h6 28.Nd4 Qa5 29.a3 Re8 30.Qxe8+ Nxe8
31.Rxe8+ Kh7 32.Be4+ g6 33.c3 Qb6 34.Re7+ Kh8 35.Bd5 Qf6 36.Re8+ Kh7 37.Bxc4 bxc4
38.Re2 Qf1+ 39.Kd2 g5 40.Ke3 Kg6 41.Rf2 Qh1 42.Re2 a5 43.Kd2 a4 44.Kc2 Qf1
45.Kd2 Kh5 46.Kc2 Kg4 47.Rd2 Kh3 48.Re2 h5 49.Rd2 h4 50.gxh4 gxh4 51.Re2 Kg4
52.Re4+ Kh3 53.Re2 Qh1 54.Nf5 Kg4 55.Nd4 d5 56.Rd2 Qf1 57.Rd1 Qg2+ 58.Rd2 Qh1
59.Re2 Qf1 60.Rd2 Kf4 61.Re2 Qg1 62.Ne6+ Kf3 63.Kd2 Qb1 64.Nd4+ Kf4 65.Ne6+ Kg4
66.Ke3 Qg1+ 67.Kd2 Qb6 68.Kc2 Kf3 69.Kd1 Qg1+ 70.Kd2 Qb1 71.Nd4+ Kf4 72.Ne6+ Kg4
73.Ke3 Qc1+ 74.Kf2 Qh1 75.Ke3 Qf1 76.Kd2 Kh3 77.Ng5+ Kg4 78.Ne6 h3 79.Nd4 Qb1
80.Ke3 Qc1+ 81.Kf2 Qb1 82.Ke3 Qd1 83.Kf2 Qc1 84.Ne6 Qh1 85.Ke3 Qg1+ 86.Kd2 Qb6
87.Kd1 Qb8 88.Nd4 Qf4 89.Kc2 Qf1 90.Kd2 Qb1 91.Ke3  1/2-1/2

[Event "ch-Panamerican U20 Girls"]
[Site "Cali COL"]
[Date "2008.06.12"]
[Round "5"]
[White "Aliaga Fernandez,I"]
[Black "Chirivi,Y"]
[Result "0-1"]
[WhiteElo "2097"]
[BlackElo "2168"]

1.e4 c5 2.Nf3 e6 3.d4 cxd4 4.Nxd4 Nc6 5.Nc3 Nf6 6.Ndb5 Bb4 7.a3 Bxc3+ 8.Nxc3 d5
9.exd5 exd5 10.Bd3 O-O 11.O-O d4 12.Ne4 Bf5 13.Bg5 Bxe4 14.Bxe4 Qd6 15.Bxf6 Qxf6
16.Qd3 g6 17.Qb5 Rab8 18.Rfe1 Rfe8 19.Bd5 Red8 20.Bb3 d3 21.c3 a6 22.Qb6 Rd6
23.Qc7 Rbd8 24.Rad1 Kg7 25.Re3 R8d7 26.Qc8 Ne5 27.Qc5 Re7 28.h3 d2 29.Bc2 Nd7
30.Qa7 Nb6 31.Rxe7 Qxe7 32.b3 Qc7 33.c4 Re6 34.Rf1 Re1 35.g3 Re8 36.c5 Qxc5
37.Bd1 Qc6  0-1

[Event "ch-Panamerican U20"]
[Site "Cali COL"]
[Date "2008.06.13"]
[Round "6"]
[White "Arenas,D"]
[Black "Flores Rios,M"]
[Result "1-0"]
[WhiteElo "2196"]
[BlackElo "2391"]

1.e4 c5 2.Nf3 e6 3.d4 cxd4 4.Nxd4 Nc6 5.Nc3 Qc7 6.Be3 a6 7.Bd3 Nf6 8.O-O Ne5
9.h3 Bc5 10.Kh1 d6 11.f4 Ng6 12.Qe1 O-O 13.f5 Ne5 14.Qh4 exf5 15.exf5 b5
16.Bg5 Ned7 17.Ne6 fxe6 18.fxe6 Nb6 19.e7 Qxe7 20.Bxh7+ Kh8 21.Bg6+ Kg8 22.Rae1 Qb7
23.Rxf6 gxf6 24.Bxf6 Rxf6 25.Qxf6 Bxh3 26.Be4 d5 27.Nxd5 Bxg2+ 28.Kxg2 Rf8
29.Qe6+ Qf7 30.Nf6+ Kg7 31.Qg4+ Kxf6 32.Qf5+  1-0

[Event "ch-Panamerican U20"]
[Site "Cali COL"]
[Date "2008.06.14"]
[Round "8"]
[White "Perez,Fra2"]
[Black "Flores Rios,M"]
[Result "0-1"]
[WhiteElo "2186"]
[BlackElo "2391"]

1.e4 c5 2.Nf3 e6 3.d4 cxd4 4.Nxd4 Nc6 5.Nc3 Qc7 6.Be3 a6 7.Bd3 Nf6 8.O-O Ne5
9.h3 Bc5 10.Kh1 d6 11.f4 Ng6 12.Qe1 Bd7 13.a4 O-O 14.f5 Ne5 15.Qh4 Rae8 16.Rf3 exf5
17.Nxf5 Nxf3 18.gxf3 Bxf5 19.Bg5 Bg6 20.Bxf6 gxf6 21.Nd5 Qd8 22.b4 Ba7 23.c4 Bd4
24.Ra2 f5  0-1

[Event "8th TCh-Euro U18"]
[Site "Szeged HUN"]
[Date "2008.06.14"]
[Round "1"]
[White "Petenyi,T"]
[Black "Pap,G"]
[Result "1-0"]
[WhiteElo "2251"]
[BlackElo "2451"]

1.e4 c5 2.Nf3 e6 3.d4 cxd4 4.Nxd4 Nc6 5.Nc3 Qc7 6.Be3 a6 7.Qd2 Nf6 8.f3 Be7
9.O-O-O O-O 10.g4 b5 11.Kb1 Bb7 12.h4 Ne5 13.h5 b4 14.Na4 Bc6 15.b3 Bxa4
16.bxa4 Nxf3 17.Nxf3 Nxe4 18.Qd3 Nc3+ 19.Kc1 Nxa2+ 20.Kd2 Nc3 21.Re1 e5 22.Qf5 e4
23.Nd4 b3 24.cxb3 Bb4 25.Bc4 Nxa4+ 26.Ke2 Nc3+ 27.Kf2 Qd6 28.g5 Bc5 29.Nc2 Qd2+
30.Kg3 Bd6+ 31.Kh3 Qxc2 32.h6 Be7 33.hxg7 Kxg7 34.Bd4+ Kg8 35.Qxh7+  1-0

[Event "Open"]
[Site "Teplice CZE"]
[Date "2008.06.14"]
[Round "1"]
[White "Rutter,L"]
[Black "Plischki,S"]
[Result "0-1"]
[WhiteElo "1893"]
[BlackElo "2378"]

1.e4 c5 2.Nf3 e6 3.d4 cxd4 4.Nxd4 Nc6 5.Nc3 Qc7 6.Be3 a6 7.a3 b5 8.g3 Bb7
9.Bg2 Rc8 10.O-O Nf6 11.f4 d6 12.Qe2 Be7 13.Rad1 O-O 14.Nb3 Rfe8 15.Rd2 Bf8
16.h3 Ba8 17.Qf2 Qb8 18.g4 b4 19.axb4 Nxb4 20.g5 Nd7 21.f5 exf5 22.Qxf5 Ne5
23.h4 Nxc2 24.Rxc2 Qxb3 25.Rcf2 g6 26.Qh3 Bg7 27.h5 Qe6 28.h6 Bh8 29.Qg3 Qe7
30.Nd5 Bxd5 31.exd5 Rc4 32.Bf4 Rb4 33.Qa3 Qb7 34.Re1 Nf3+ 35.Qxf3 Rxe1+ 36.Kh2 Rxf4  0-1

[Event "Serbia Cup"]
[Site "Zlatibor SRB"]
[Date "2008.06.16"]
[Round "1"]
[White "Solak,D"]
[Black "Andrijevic,M"]
[Result "1-0"]
[WhiteElo "2630"]
[BlackElo "2368"]

1.e4 c5 2.Nf3 Nc6 3.Nc3 e6 4.d4 cxd4 5.Nxd4 Qc7 6.g3 a6 7.Bg2 Nf6 8.O-O d6
9.Re1 Nxd4 10.Qxd4 e5 11.Qd3 h6 12.Nd1 Be7 13.Ne3 O-O 14.Bd2 Re8 15.a4 Be6
16.c4 a5 17.f4 Qb6 18.b3 Ng4 19.f5 Bd7 20.Bf3 Nxe3 21.Bxe3 Qb4 22.h4 Bc6
23.Kg2 Kh7 24.Rf1 Rg8 25.Ra2 Raf8 26.Bd1 Bd8 27.g4 g6 28.f6 Bb6 29.Bc1 Bc5
30.Kh1 Re8 31.Rh2 Re6 32.Qf3 Rh8 33.h5 g5 34.Qf5+ Kg8 35.Bxg5 Bxe4+ 36.Qxe4 hxg5
37.h6 Qb6 38.Qf5 Be3 39.Bf3 Bf4 40.Bd5 Kf8 41.Bxe6 fxe6 42.Qg6 Qc6+ 43.Rg2 Rg8
44.Qh7 Qe8 45.Qxb7 Qd8 46.h7  1-0

[Event "FSGM June"]
[Site "Budapest HUN"]
[Date "2008.06.17"]
[Round "11"]
[White "Liu Qingnan"]
[Black "Fogarasi,T"]
[Result "1/2-1/2"]
[WhiteElo "2344"]
[BlackElo "2426"]

1.e4 c5 2.Nf3 e6 3.d4 cxd4 4.Nxd4 Nc6 5.Nc3 Qc7 6.Be2 a6 7.O-O Nf6 8.Kh1 Be7
9.f4 d6 10.Be3 O-O 11.a4 Re8 12.Bf3  1/2-1/2

[Event "Serbia Cup"]
[Site "Zlatibor SRB"]
[Date "2008.06.17"]
[Round "2"]
[White "Stankovic,To"]
[Black "Vratonjic,S"]
[Result "0-1"]
[WhiteElo "2118"]
[BlackElo "2422"]

1.e4 c5 2.Nf3 e6 3.Nc3 Nc6 4.d4 cxd4 5.Nxd4 Qc7 6.a3 a6 7.Be2 Nf6 8.O-O Be7
9.Be3 O-O 10.Kh1 d5 11.exd5 exd5 12.h3 Rd8 13.Bd3 Qe5 14.Nce2 Ne4 15.Nf3 Qxb2
16.Nfd4 Bf6 17.Rb1 Qxa3 18.Nxc6 bxc6 19.Bb6 Re8 20.f4 Qe7 21.Rf3 h5 22.Qg1 h4
23.Re1 Ng3+ 24.Kh2 Bf5 25.Re3 Ne4 26.g4 hxg3+ 27.Nxg3 Qd7 28.Nh5 Bg6 29.Bxe4 Bxh5
30.Bf5 Qxf5 31.Rxe8+ Rxe8 32.Rxe8+ Kh7 33.Qf2 Bg6 34.Ra8 Qxc2 35.Rxa6 Qd3
36.Ra2 Bf5 37.Be3 d4 38.Qf3 g6 39.Re2 dxe3 40.Rxe3 Qd5 41.Qe2 Qd4 42.Kg3 Bh4+  0-1

[Event "Copa Benito Roggio"]
[Site "Asuncion URU"]
[Date "2008.06.18"]
[Round "2"]
[White "Brito,L"]
[Black "Bachmann,Ax"]
[Result "0-1"]
[WhiteElo "2352"]
[BlackElo "2519"]

1.e4 c5 2.Nf3 e6 3.Nc3 Nc6 4.d4 cxd4 5.Nxd4 Qc7 6.Be3 a6 7.Bd3 Nf6 8.O-O h5
9.h3 b5 10.Re1 Bb7 11.Nf3 Ne5 12.Ng5 Bc5 13.Qd2 Bxe3 14.Qxe3 d6 15.Rad1 Qc5
16.Kf1 Ke7 17.f4 Qxe3 18.Rxe3 Nxd3 19.cxd3 Rac8 20.Ree1 b4 21.Ne2 Nd7 22.Nd4 Nc5
23.Ke2 a5 24.Ke3 Ba6 25.Rd2 Rc7 26.Rc1 Rhc8 27.Ngf3 g6 28.g3 a4 29.Ne1 b3
30.a3 f5 31.Nef3 Bxd3 32.Rxd3 Nxd3 33.Rxc7+ Rxc7 34.Kxd3 fxe4+ 35.Kxe4 Rc2
36.Kd3 Rxb2 37.Nd2 Ra2 38.Nb5 Ra1 39.Nc4 Rg1 40.g4 h4  0-1

[Event "Serbia Cup"]
[Site "Zlatibor SRB"]
[Date "2008.06.18"]
[Round "3"]
[White "Nevednichy,V"]
[Black "Arsovic,Z"]
[Result "1/2-1/2"]
[WhiteElo "2558"]
[BlackElo "2490"]

1.e4 c5 2.Nf3 e6 3.d4 cxd4 4.Nxd4 Nc6 5.Nc3 Qc7 6.Be2 Nf6 7.O-O Be7 8.Kh1 O-O
9.f4 d6 10.Be3 Nxd4 11.Qxd4 b6 12.f5 Bb7 13.fxe6 fxe6 14.Qc4 Qxc4 15.Bxc4 d5
16.exd5 Nxd5 17.Nxd5 Bxd5 18.Rxf8+ Bxf8 19.Be2 Be4 20.c3 Rd8 21.Bg4 Bf5 22.Rd1 Rxd1+
23.Bxd1 Bd6 24.a4 Kf7 25.b4 Bd3 26.Bb3 Ke7 27.g3 Be5 28.Bd2 h5 29.Kg2 Kd7
30.Bd1 g6 31.Kf3 g5 32.Bxg5 Bxc3 33.b5 Bf5 34.Ke3 Bg6 35.h4 Kd6 36.Bh6 Kd7
37.Bf8 Be1 38.Kf3 Bf5 39.Kg2 Bg6 40.Kh3 Bf5+ 41.Kg2 Bg6  1/2-1/2

[Event "Serbia Cup"]
[Site "Zlatibor SRB"]
[Date "2008.06.18"]
[Round "3"]
[White "Radovanovic,D"]
[Black "Andrijevic,M"]
[Result "1-0"]
[WhiteElo "2363"]
[BlackElo "2368"]

1.e4 c5 2.Nf3 Nc6 3.d4 cxd4 4.Nxd4 e6 5.Nc3 Qc7 6.Be2 a6 7.Be3 Nf6 8.a3 b5
9.Nxc6 dxc6 10.f4 Be7 11.e5 Nd5 12.Nxd5 cxd5 13.O-O Bc5 14.Bxc5 Qxc5+ 15.Kh1 O-O
16.Bd3 g6 17.Qg4 Qe7 18.Rae1 Kg7 19.Re3 h5 20.Qe2 Rh8 21.Rg3 h4 22.Rg5 h3
23.Qg4 Rh6 24.gxh3 Bb7 25.f5 exf5 26.Qxf5 Re8 27.Rf4 Bc8 28.Qf6+ Qxf6 29.exf6+ Kf8
30.h4 Re1+ 31.Rg1 Re3 32.Rg3 Re1+ 33.Kg2 Rd1 34.Re3 Rd2+ 35.Re2 Rxe2+ 36.Bxe2 Bf5
37.c3 Be4+ 38.Kg3 Ke8 39.a4 bxa4 40.Bxa6 Kd7 41.Bb5+ Ke6 42.Bxa4 Rh8 43.Rf2 Ke5
44.Bd7 Ra8 45.Kg4 Rd8 46.Ba4 d4 47.Kg5 d3 48.Kh6 Bf5 49.Kg7 Be6 50.Bd1 d2
51.Re2+ Kf5 52.Bc2+ Kf4 53.Rxe6 fxe6 54.f7 e5 55.f8=Q+ Rxf8 56.Kxf8 e4 57.Bd1 Ke3
58.b4 Kd3 59.b5 e3 60.b6 e2 61.Bxe2+ Kxe2 62.b7 d1=Q 63.b8=Q Qd5 64.Qc7 Kd3
65.c4 Qe4 66.c5 Kc4 67.c6 Qxh4 68.Qf7+ Kb5 69.c7 Qh8+ 70.Ke7 Qh4+ 71.Ke8 Qh8+
72.Kd7 Qd4+ 73.Ke7 Qh4+ 74.Qf6 Qh7+ 75.Kd6 Qg8 76.Qb2+ Ka6 77.Qa3+ Kb7 78.Qb4+ Ka7
79.Qc5+ Kb7 80.Qc6+  1-0

[Event "Serbia Cup"]
[Site "Zlatibor SRB"]
[Date "2008.06.19"]
[Round "4"]
[White "Cabrilo,G"]
[Black "Arsovic,Z"]
[Result "1/2-1/2"]
[WhiteElo "2499"]
[BlackElo "2490"]

1.e4 c5 2.Nf3 e6 3.d4 cxd4 4.Nxd4 Nc6 5.Nc3 Qc7 6.Be2 Nf6 7.O-O Be7 8.Be3 O-O
9.f4 d6 10.Kh1 Nxd4 11.Bxd4 e5 12.Be3 b6 13.Bf3 Bb7 14.Qe2 Rad8 15.Rfd1 Rfe8  1/2-1/2

[Event "Copa Benito Roggio"]
[Site "Asuncion URU"]
[Date "2008.06.20"]
[Round "4"]
[White "Cubas,Jo"]
[Black "Bachmann,Ax"]
[Result "0-1"]
[WhiteElo "2430"]
[BlackElo "2519"]

1.e4 c5 2.Nf3 e6 3.d4 cxd4 4.Nxd4 Nc6 5.Nc3 Qc7 6.Be3 a6 7.Bd3 Nf6 8.O-O h5
9.h3 b5 10.Nxc6 Qxc6 11.a3 Bb7 12.Re1 Bd6 13.Bd4 e5 14.Be3 Bc5 15.Qf3 Bxe3
16.Rxe3 Qe6 17.Rd1 Rc8 18.Be2 Qe7 19.Qg3 Kf8 20.Nd5 Bxd5 21.exd5 h4 22.d6 hxg3
23.dxe7+ Kxe7 24.Rxe5+ Kd8 25.c3 gxf2+ 26.Kxf2 Re8 27.Rxe8+ Kxe8 28.Rd4 Rc5
29.c4 bxc4 30.Rxc4 Rf5+ 31.Ke3 a5 32.Bf3 Rb5 33.Rc2 Ke7 34.Kd4 Ne8 35.Re2+ Kd8
36.Kc3 Nc7 37.Rd2 d5 38.Be2 Rc5+ 39.Kb3 Kd7 40.Rc2 a4+  0-1

[Event "8th TCh-Euro U18"]
[Site "Szeged HUN"]
[Date "2008.06.21"]
[Round "7"]
[White "Recuero Guerra,D"]
[Black "Mihok,O"]
[Result "1/2-1/2"]
[WhiteElo "2411"]
[BlackElo "2352"]

1.e4 c5 2.Nf3 e6 3.d4 cxd4 4.Nxd4 Nc6 5.Nc3 Qc7 6.Be3 a6 7.Qd2 Nf6 8.O-O-O Bb4
9.f3 Ne5 10.Nb3 b5 11.Qe1 Be7 12.f4 Ng6 13.e5 Ng4 14.Ne4 O-O 15.Bc5 Bb7 16.Nd6 Bd5
17.Rxd5 exd5 18.Qg3 f5 19.Qf3 Qc6 20.Bb4 N6xe5 21.fxe5 Nxe5 22.Qc3 Qxc3 23.bxc3 Rab8
24.Nd4 g6 25.Nc4 Bxb4 26.Nxe5 Bxc3 27.Nef3 Rfe8  1/2-1/2

[Event "Serbia Cup"]
[Site "Zlatibor SRB"]
[Date "2008.06.21"]
[Round "6"]
[White "Brenjo,S"]
[Black "Ivanisevic,I"]
[Result "1-0"]
[WhiteElo "2490"]
[BlackElo "2649"]

1.e4 c5 2.Nf3 e6 3.d4 cxd4 4.Nxd4 Nc6 5.Nc3 Qc7 6.Be2 a6 7.O-O Nf6 8.Be3 Bb4
9.Na4 Be7 10.c4 Nxe4 11.c5 O-O 12.Rc1 Rb8 13.g3 Nf6 14.Bf3 Rd8 15.Nb6 Bxc5
16.Rxc5 Qxb6 17.Nxc6 dxc6 18.Qc2 Bd7 19.Re5 c5 20.Rxc5 Bb5 21.Rc1 Qa5 22.Bf4 b6
23.Qc3 Qa4 24.Rg5 h6 25.Rxg7+ Kxg7 26.Bxh6+ Kg8 27.Qxf6 Qd4 28.Qg5+ Kh7 29.Qh5 Kg8
30.Rc7 Be8 31.Rc4  1-0